Culture Générale - Série 2614 - Statistiques

Statistiques générales
  • Ce quiz a été pris 84 fois
  • Le résultat moyen est 3 sur 10
Statistiques - réponses
Question Réponse % Correct
Fuit ou oiseau endémique de Nouvelle-Zélande kiwi
90%
Dans quelle partie du corps humain trouve-t-on l'os appelé "astragale" ? pied
49%
Grand oiseau coureur incapable de voler et apparenté à l'émeu australien. C'est le plus gros et le plus lourd oiseau d'Amérique du Sud. Il est aussi le deuxième oiseau le plus rapide du monde, après l'autruche, pouvant courir jusqu'à 55 km/h. nandou
35%
Dans quel pays est né Linus Torvalds créateur du noyau Linux ? Finlande
28%
Quel oiseau, cousin de l'autruche, a la réputation d'être l'oiseau le plus dangereux du monde ? casoar
27%
Quel est le seul canton suisse dont l'unique langue officielle est l'italien ? Tessin
19%
Expression familière signifiant "en toute hâte, très vite" dare dare
8%
Guide de bonnes pratiques à l'usage des courriers électroniques et des forums. nétiquette
5%
Oiseau aux pattes robustes, aux ailes rudimentaires, tel que l'autruche, le nandou, l'émeu et le kiwi, incapable de voler. ratite
3%
Oiseau coureur, voisin de la perdrix, au vol peu performant d'Amérique centrale et d'Amérique du Sud. tinamou
0%
Aucun quiz correspondant
Distribution des résultats
% des personnes avec chaque résultat
Percentile par nombre de réponses
Votre historique - résultats
Vous n’avez pas pris ce quiz